| 000 | 00810cab a2200229 4500 | ||
|---|---|---|---|
| 001 | ABS60604 | ||
| 008 | 090401t1999 xxu||||| |||| 00| 0 eng d | ||
| 035 | _a(Sirsi) u99919 | ||
| 041 | _aeng | ||
| 245 | 4 | _aThe challenge of lean construction | |
| 260 | _c1999 | ||
| 350 | _a0 | ||
| 490 |
_aConstruction News _v(6614) 6 May 1999, 24-25(2) |
||
| 520 | _aDescribes the six basic principles of lean construction, one of the key phrases in the Latham report Constructing the Team. Outlines steps to applying lean principles to managing and improving the construction process to efficiently deliver customer needs. | ||
| 650 | _aBENCHMARKING | ||
| 650 | _aLATHAM REFORMS | ||
| 650 | _aLATHAM REFORMS | ||
| 650 | _aLEAN CONSTRUCTION | ||
| 690 | _aBUILT ENVIRONMENT | ||
| 942 | _n0 | ||
| 948 | _c28/05/1999 | ||
| 999 |
_c60009 _d60009 |
||